LEADER 01105nam a2200241 i 4500 001 000000212736 003 CaOOAMICUS 005 20220503120350.0 008 120424s1881 it u000 u ita u 013 $a191584 040 $aSeMil$bita 100 1 $aHugo, Victor,$d<1802-1885>.$0(OLS)http://semarc/name/1144 240 10$aNotre-Dame de Paris.$0(OLS)http://semarc/title/26051 245 10$aNostra Donna di Parigi, o, Esmeralda /$cVittor Hugo. 264 1$aMilano :$bFratelli Treves,$c1881. 300 $a504 p. :$bill. ;$c27 cm. 773 0 $aHugo, Victor <1802-1885>$tOeuvres complètes de Victor Hugo.$dParis : Quantin, 1880-1883.$bEdition définitive d'après les manuscrits originaux.$w()14346 773 0 $aHugo, Victor <1802-1885>$tContemplations.$dParis : Hetzel et C., 1882.$g2$w()16829 850 $aSeMil 852 $aSeMil$W1$xVenegono$y1$m1V VII 33 FA$j163170$B163170$CSeMilBibl$Z2$F174293 $8I 996 $6245$aNostra Donna di Parigi, o, Esmeralda$9(OLS)http://semarc/title/307000 996 $6264$aMilano :$bFratelli Treves$9(OLS)http://semarc/publisher/30212 LEADER 01424nam a2200277 i 4500 001 000000124737 003 CaOOAMICUS 005 20040329000000.0 008 040329s2002 it u000 u ita u 013 $a97434 040 $aSeMil$bita 100 1 $aBusino, Giovanni,$d<1932-2022>.$0(OLS)http://semarc/name/1537 245 10$aVilfredo Pareto (1848-1923) :$bl'uomo e lo scienziato /$cGiovanni Busino ... [et al.] ; a cura di Gavino Manca ; prefazione di Antonio Fazio , Governatore della Banca d'Italia. 260 $aMilano :$bLibri Scheiwiller,$c2002. 260 $aSondrio :$bBanca Popolare di Sondrio,$c2002. 300 $a420 p. :$briccamente ill. ;$c24 cm. 500 $aContiene : una appendice di 63 lettere inedite dal Fondo Vilfredo Pareto della Banca Popolare di Sondrio. 650 4$aPareto, Vilfredo <1848-1923>.$0(OLS)http://semarc/subject/19521 700 1 $aFazio, Antonio <1936- >.$0(OLS)http://semarc/name/26769 700 1 $aManca, Gavino.$0(OLS)http://semarc/name/29767 850 $aSeMil 852 $aSeMil$W1$xVenegono$y1$m3M IV 48$j79258$B79258$CSeMilBibl$Z2$F81641 $81 961 $aOmaggio: Monti don Eros 996 $6245$aVilfredo Pareto (1848-1923) :$bl'uomo e lo scienziato$9(OLS)http://semarc/title/183574 996 $6260$aSondrio :$bBanca Popolare di Sondrio$9(OLS)http://semarc/publisher/34366 996 $6260$aMilano :$bLibri Scheiwiller$9(OLS)http://semarc/publisher/29791